000 00294nam a2200121Ia 4500
008 231129s1946||||xx |||||||||||||| ||spa||
082 _aER- 324
100 _aGonzález M. Luis Carlos
245 0 _aSibaté
260 _c1946
264 _aManizales: Imprenta Oficial 1946
942 _2ddc
_cBKS
999 _c24571
_d24571